Pokemon Masters Ex Sync Pairs - Statistics

General Stats
  • This quiz has been taken 12 times
  • The average score is 106 of 477
Answer Stats
Type Trainer Role Unique Sync Move % Correct
Electfric Scottie / Bettie & Pikachu Striker Thunder of Newfound Passion
88%
Electric Scottie / Bettie & Raikou Support Rumbling Thunder Electric Impact
88%
Fire Scottie / Bettie & Torchic Support Fire Sync Impact
88%
Rock Brock & Onix Tech Rock-Solid Rockslide
75%
Fairy Scottie / Bettie & Alcremie Support Favorite Flavor Fairy Beam
75%
Psychic Scottie / Bettie & Mesprit Support Every Emotion Psychic Beam
75%
Rock Scottie / Bettie & Regirock Support Ancient Monolith Rock Impact
75%
Steel Scottie / Bettie & Registeel Support Ancient Iron Steel Impact
75%
Steel Scottie / Bettie & Solgaleo Striker Shining Friendship Sunraze Smash
75%
Fighting Scottie / Bettie & Cobalion Support Cobalt Justice Fighting Impact
63%
Fire Blaine & Rapidash Tech Quizmaster Flame Charge
50%
Fairy Leaf & Clefable Support Rarely Seen Fairy Beam
50%
Normal Leaf & Eevee Support Endless Possibilities Extreme Evoboost
50%
Water Misty & Starmie Support Tomboyish Mermaid Bubble Beam
50%
Grass Red & Venusaur Field Silent Overgrowth Grass Beam
50%
Poison Agatha & Arbok Support Elder's Experience Poison Impact
38%
Ghost Agatha & Gengar Tech Tried-and-True Hex
38%
Electric Ash & Pikachu Striker Best Buds 10,000,000 Volt Thunderbolt
38%
Fire Blue & Arcanine Striker Top Dog Fire Beam
38%
Electric Blue (Champion) & Zapdos Support Name-Echoing Thunder
38%
Rock Blue (Classic) & Aerodactyl Striker No Competition Stone Edge
38%
Grass Blue & Exeggutor Support Knock Ya Down Grass Impact
38%
Flying Blue & Pidgeot Striker World-Swallowing Hurricane
38%
Fighting Brawly & Hariyama Tech Arm Thrust of Mighty Waves
38%
Grass Brendan & Sceptile Striker Leaf Blade of Sundering
38%
Fighting Bruno & Machamp Striker Trained-to-the-Max Dynamic Punch
38%
Rock Bruno & Onix Support Overwhelming Power Rock Impact
38%
Bug Bugsy & Beedrill Striker Bug Expert Twineedle
38%
Bug Bugsy (Holiday 2024) and Kricketune Support Conduct a Melody of Feelings Bug Impact
38%
Bug Bugsy & Scyther Support Always Researching Bug Impact
38%
Bug Burgh & Leavanny Striker Insectible Struggle Bug
38%
Dark Calem (Champion) & Greninja Support Shrouded Night SlashUnseen Water Shuriken
38%
Psychic Calem & Meowstic Tech Mind-Bending Psychic
38%
Flying Cheren (Champion) & Tornadus Tech Wall For Challengers Bleakwind Storm
38%
Normal Cheren & Stoutland Support Fundamental Takedown
38%
Dragon Clair & Kingdra Striker No Mercy Dragon Pulse
38%
Dragon Clair (New Year's 2024) & Drampa Support New Year’s Dance Dragon Beam
38%
Ground Cynthia & Garchomp Striker Earthquake of Ancient Lore
38%
Dragon Cyrus & Palkia Striker Emotional Void Spacial Rend
38%
Grass Dawn & Torterra Support New Dawn Wood Hammer
38%
Dragon Drake & Salamence Support Righteous Heart Dragon Claw
38%
Electric Elesa (Classic) & Emolga Tech Showstopping Electric Beam
38%
Electric Elesa & Joltik Support Dazzingly Bright Electric Beam
38%
Electric Elesa & Zebstrika Striker Shining Spotlight Wild Bolt
38%
Fairy Erika (Holiday 2020) & Comfey Support Merry and Bright Dazzling Gleam
38%
Grass Erika & Tangela Tech Wondrous Rainbow Grass Beam
38%
Grass Erika & Vileplume Tech Nature-Loving Petal Dance
38%
Fire Ethan & Typhlosion Striker Fierce Flames Eruption
38%
Water Eusine & Suicune Striker Dignified Dash Hydro Pump
38%
Ghost Fantina & Mismagius Striker Soulful Dancer Shadow Ball
38%
Grass Gardenia & Roserade Striker Vivid Leaf Storm
38%
Ghost Gardenia (Summer 2024) & Dhelmise Field Courageous Strides Ghost Beam
38%
Psychic Giovanni & Mewtwo Striker World Domination Psystrike
38%
Ice Glacia & Glalie Support Glacial Freeze-Dry
38%
Ice Hilbert and Glaceon Tech Sharp and Icy Determination Frost Beam
38%
Water Hilbert & Samurott Support The True Razor Shell
38%
Grass Hilda and Leafeon Tech Sun-Grown Fighting Spirit Grass Impact
38%
Fire Hilda & Emboar Striker Battle Fanatic Heat Crash
38%
Dragon Iris (Champion) & Hydreigon Tech Triple Threat Dragon Rush
38%
Dragon Iris & Haxorus Striker Dragon Sage Outrage
38%
Poison James & Weezing Tech Make it Double Sludge
38%
Poison Janine & Ariados Tech Ninja Spirit Cross Poison
38%
Poison Janine & Crobat Support Shadow-Slinking Poison Beam
38%
Steel Jasmine & Steelix Support Steel-Clad Iron Tail
38%
Poison Jessie & Arbok Striker Prepare for Trouble Acid
38%
Dark Karen & Houndoom Striker Beguiling Dark Pulse
38%
Dark Karen & Umbreon Striker Adorably Wild Dark Impact
38%
Poison Koga & Crobat Tech Modern Ninja Sludge Bomb
38%
Water Kris & Feraligatr Striker Crystalline Aqua Tail
38%
Electric Kris & Jolteon Tech Jolt of Genius Electric Beam
38%
Dragon Lance & Dragonite Striker Unrivaled Outrage
38%
Fire Leaf (Champion) & Moltres Tech Burning Love Fire Blast
38%
Psychic Liza & Lunatone Support Psychic of Duality
38%
Flying Liza (Summer 2023) & Celesteela Striker Forever Friends Flying Impact
38%
Ice Lorelei & Cloyster Support Unbreakable Will Ice Impact
38%
Ice Lorelei & Lapras Tech Freezing Terror Blizzard
38%
Electric Lt. Surge & Electrode Tech Surging Charge Beam
38%
Electric Lt. Surge & Raichu Support Zap-tastic Electric Beam
38%
Fire Lucas & Flareon Tech Red-Hot Research Fire Beam
38%
Grass Lyra & Meganium Support Heart of Gold Leaf Storm
38%
Fighting Maylene & Medicham Support Barefoot High Jump Kick
38%
Water May & Swampert Tech Best Buddy Muddy Water
38%
Ghost Morty & Drifblim Striker Mystic Seer Phantom Force
38%
Ghost Morty & Mismagius Support Tales of Mystery Ghost Beam
38%
Flying Nate & Braviary Striker Bravest Brave Bird
38%
Dragon Nate (Champion) & Haxorus Striker Resonating Will Dragon Claw
38%
Ghost Phoebe & Dusknoir Support Lonely Flower Shadow Punch
38%
Ice Pryce & Dewgong Striker Winter's Lesson Aurora Beam
38%
Ice Red (Champion) & Articuno Striker Silence of the Raging Blizzard
38%
Normal Red & Snorlax Support Heaviest Sleeper Normal Impact
38%
Rock Roark & Rampardos Striker Rock Head Smash
38%
Psychic Rosa (Champion) & Meloetta Support Sepia Memories Relic Song
38%
Flying Rosa (Holiday 2019) & Delibird Support Special Delivery Drill Peck
38%
Grass Rosa & Serperior Support Shoot for the Stars Leaf Storm
38%
Rock Roxanne & Probopass Support Honor Student Power Gem
38%
Poison Roxie & Scolipede Striker Radical Poison Jab
38%
Water Serena (Champion) & Greninja Tech Vivid Water ShurikenSerious Night Slash
38%
Fire Serena & Delphox Tech Mystical Fire of Positivity
38%
Rock Silver (Champion) & Tyranitar Striker Emotional Resolve Rock Slide
38%
Fire Silver & Ho-Oh Striker Power-Hungry Sacred Fire
38%
Flying Skyla (Holiday 2020) & Togekiss Tech Good Tidings Air Slash
38%
Flying Skyla & Swanna Support High-Flying Sky Attack
38%
Flying Steven (Anniversary 2021) & Rayquaza Striker Triumph and Glory Dragon Ascent
38%
Steel Steven & Metagross Striker Solid Steel Meteor Mash
38%
Water Sygna Suit Blue & Blastoise Support Triumphant Hydro Cannon
38%
Dragon Sygna Suit Brendan & Latios Support Good Times Draco Meteor
38%
Rock Sygna Suit Brock & Tyranitar Striker Sygnature Rock-Solid Stone Edge
38%
Dark Sygna Suit Cyrus & Darkrai Tech Perfect World Dark Pulse
38%
Psychic Sygna Suit Dawn & Cresselia Support Nightmares Begone Lunar Dance
38%
Electric Sygna Suit Elesa & Rotom Support High Fashion Thunderbolt
38%
Grass Sygna Suit Erika & Leafeon Tech Sunny Snooze Leaf Blade
38%
Flying Sygna Suit Ethan & Lugia Striker Shining Soul Aeroblast
38%
Bug Sygna Suit Hilbert & Genesect Tech Aim for Victory Bug Buzz
38%
Fire Sygna Suit Hilda & Victini Striker Infinite Energy V-Create
38%
Water Sygna Suit Kris & Suicune Support Crystal Clear Surf
38%
Grass Sygna Suit Leaf & Venusaur Tech Tenacious Frenzy Plant
38%
Grass Sygna Suit Lyra & Celebi Tech Time-Transcending Magical Leaf
38%
Fire Sygna Suit May & Blaziken Tech All About Us Blaze Kick
38%
Water Sygna Suit Misty & Vaporeon Tech Mermaid Duo Hydro Pump
38%
Fire Sygna Suit Morty & Ho-Oh Support Rainbow-Hued Sacred Fire
38%
Fire Sygna Suit Red & Charizard Striker Living Legend Blast Burn
38%
Dragon Sygna Suit Serena & Zygarde Striker Ecosystem Core Enforcer
38%
Ice Sygna Suit Silver & Sneasel Tech Strong for Your Sake Triple Axel
38%
Psychic Sygna Suit Steven & Deoxys Tech Space Rocks Psycho Boost
38%
Fairy Sygna Suit Wally & Gardevoir Tech Take on the World Dazzling Gleam
38%
Psychic Tate & Solrock Striker Zen Hedbutt of Duality
38%
Steel Tate (Summer 2023) & Jirachi Tech Friends Forever Steel Beam
38%
Electric Volkner & Luxray Tech Star Shock Thunder Fang
38%
Electric Volkner & Raichu Tech Thrilling Battles Electric Beam
38%
Water Wallace & Milotic Tech Aquatic Prince Hydro Pump
38%
Fighting Wally & Gallade Striker Rallying Close Combat
38%
Normal Whitney (Holiday 2022) & Sawsbuck Tech Indomitable Happiness Normal Impact
38%
Normal Whitney & Miltank Tech Supercute Rolling Tackle
38%
Psychic Will and Slowbro Tech Stand Above All Psychic Beam
38%
Psychic Will & Xatu Tech Mystery Masquerade Psychic
38%
Dragon Zinnia & Rayquaza Striker Dimensional Defender Draco Meteor
38%
Dragon Zinnia & Salamence Tech New Beginning Dragon Impact
38%
Ghost Acerola & Banette Support Say Cheese Ghost Impact
25%
Ghost Acerola (Fall 2020) & Mimikyu Tech Trick-or-Treat Shadow Claw
25%
Ghost Acerola & Palossand Tech Never-Ending Royal Nightmare
25%
Ghost Acerola (Summer 2024) & Jellicent Support Full-Moon Ocean Invite Ghost Beam
25%
Bug Alder & Volcarona Striker Voyager's Bug Buzz
25%
Water Archie & Kyogre Striker Aqua Planet Origin Pulse
25%
Poison Ariana & Arbok Tech Punish the Meddlers Poison Impact
25%
Water Barry and Floatzel Sprint I Want a Theme Song Water Impact
25%
Water Barry & Empoleon Striker Late Fee Bubble Beam
25%
Grass Barry & Roserade Support Grow Up Right Grass Beam
25%
Bug Barry (Special Costume) & Heracross Striker Master's Legacy Bug Impact
25%
Psychic Blue and Alakazam Sprint Beat Them All Psychic Beam
25%
Fire Blue (Classic) & Charizard Field Burning Rivalry Fire Beam
25%
Ice Brycen & Cryogonal Tech Light, Camera, Ice Shard
25%
Fairy Burgh (Spring 2021) & Togepi Support Color of Joy Fairy Impact
25%
Psychic Caitlin & Reuniclus Striker Broken Sleep Psychic
25%
Fairy Calem and Sylveon Tech Fighting Alongside You Fairy Beam
25%
Ice Candice & Abomasnow Tech All-about-Focus Avalanche
25%
Ice Candice & Froslass Striker Spine-Chilling Frost Beam
25%
Dark Cheren and Liepard Sprint Learning Who I Am Dark Beam
25%
Water Cheryl and Wailord Support Itching for a Battle Water Beam
25%
Normal Cheryl & Blissey Support Blissful Echo Hyper Voice
25%
Fighting Chuck and Poliwrath Striker Roaring Fists Fighting Impact
25%
Ground Clay & Seismitoad Tech Rock-Bottom Bulldoze
25%
Electric Clemont & Heliolisk Tech Light-Up-the-World Thunderbolt
25%
Electric Clemont & Magneton Support Thanks to Science Electric Impact
25%
Steel Colress & Klinklang Tech Potential-Surpassing Gear Grind
25%
Water Crasher Wake & Floatzel Tech Crashdown Aqua Jet
25%
Fairy Dawn (Palentine's 2021) & Alcremie Tech Whipped Cream Fairy Beam
25%
Fairy Diantha & Gardevoir Striker Master Thespian Moonblast
25%
Fighting Diantha (Special Costume) & Keldeo (Resolute) Tech Shining Valor Fighting Beam
25%
Flying Elesa (Palentine's 2023) & Togetic Striker Sugary Beauty Flying Impact
25%
Flying Falkner & Noctowl Support Silent Wings Flying Beam
25%
Flying Falkner & Pidgeot Tech Cherished Memories Flying Beam
25%
Flying Falkner & Swellow Support Magnificent Winds Aerial Ace
25%
Fire Flannery & Torkoal Tech Fiery Passion Overheat
25%
Fire Flint & Infernape Striker Burn-It-All Overheat
25%
Ice Ghetsis & Kyurem Tech Absolute Zero Glaciate
25%
Normal Giovanni (Classic) & Persian Support Perfectly Evil Normal Impact
25%
Poison Giovanni & Nidorino Support World-Eroding Poison Impact
25%
Ground Giovanni & Rhydon Field Remembering the Past Ground Impact
25%
Normal Gladion & Silvally Tech Audacious Multi-Attack
25%
Rock Grant & Aurorus Tech Crazy Cool Rock Tomb
25%
Dark Grimsley & Liepard Tech Card Shark Night Slash
25%
Bug Guzma & Ariados Support Shake Things Up Savage Spin-Out
25%
Bug Guzma & Golisopod Striker Your Boy's X-Scissor
25%
Ground Hapu & Mudsdale Striker Ultimately Worthy Tectonic Rage
25%
Electric Hau & Alolan Raichu Striker Endless Summer Gigavolt Havoc
25%
Dark Hilbert (Fall 2020) & Mightyena Striker Bump-in-the-Night Crunch
25%
Rock Hilda (Special Costume) & Diancie Striker Princess Power Rock Impact
25%
Fighting Hilda (Summer 2022) & Grapploct Support Never Give Up Fighting Impact
25%
Poison Iris (Fall 2022) & Naganadel Tech With Every Fiber Poison Beam
25%
Electric Jasmine (Holiday 2022) & Ampharos Support Snowy Night's Guide Electric Beam
25%
Steel Jasmine & Magnemite Support Hard Cold Sharp Strong Steel Impact
25%
Steel Jasmine (Special Costume) & Celesteela Support Iron Will Steel Beam
25%
Flying Kahili & Toucannon Striker Supersonic Skystrike Drive
25%
Fighting Korrina & Lucario Striker Give-It-All-Ya-Got Power-Up Punch
25%
Dragon Lance and Kingdra Support Legendary Dragon Beam
25%
Dragon Lance & Dragonair Tech Virtually Unstoppable Dragon Beam
25%
Flying Lance (New Year's 2021) & Gyarados Striker Rising Dragon Flying Impact
25%
Water Leaf and Blastoise Field Kaboom Kaboom Water Beam
25%
Normal Lenora & Watchog Support Museum Director Normal Impact
25%
Ghost Lillie (Anniversary 2021) & Lunala Strike Shining Hope Moongeist Beam
25%
Fairy Lillie & Comfey Tech Vibrant Fairy Beam
25%
Ground Lucas and Torterra Field Unshakable Determination Ground Impact
25%
Dragon Lucas & Dialga Tech Illuminating Roar of Time
25%
Poison Lucy & Seviper Tech Pike Queen Poison Fang
25%
Grass Lusamine and Lilligant Striker Even More Beautiful Grass Beam
25%
Bug Lusamine & Pheromosa Striker Motherly Love Savage Spin-Out
25%
Ground Lyra (Special Costume) & Phanpy Support Darling Deception Ground Impact
25%
Fairy Lyra (Summer 2020) & Jigglypuff Striker Cute Factor Disarming Voice
25%
Water Lyra & Vaporeon Tech Overflowing Curiosity Water Beam
25%
Grass Mallow & Tsareena Tech Bold-Flavored Bloom Doom
25%
Fire Marley & Arcanine Support Grateful Friend Flare Blitz
25%
Water Marlon & Carracosta Support Oversplash Aqua Tail
25%
Fighting Marshal & Conkeldurr Striker Way-of-the-Warrior Focus Punch
25%
Ground Maxie & Groudon Striker Groundbreaking Precipice Blades
25%
Psychic May (Anniversary 2022) & Latias Tech Friendship Forging Mist Ball
25%
Normal May (Spring 2021) & Lopunny Striker Heart-Thumping Normal Impact
25%
Water May & Wailmer Striker Big Ol' Splash Water Beam
25%
Fairy Mina & Granbull Tech Wandering Artist Twinkle Tackle
25%
Ghost Morty (Fall 2021) & Banette Tech Midnight Fright Ghost Impact
25%
Ghost Morty & Gastly Support See What Others Cannot Ghost Beam
25%
Fire N (Anniversary 2021) & Reshiram Tech Blue Flare to Change the World
25%
Dark Nanu & Alolan Persian Tech Dark Authority Black Hole Eclipse
25%
Bug Noland & Ninjask Sprint Knowledge from Experience Bug Impact
25%
Bug Noland & Pinsir Striker Factory Head X-Scissor
25%
Normal Norman & Slaking Striker Power-Chasing Giga Impact
25%
Electric N & Zekrom Striker Bridging Bolt Strike
25%
Rock Olivia & Carbink Rugged & Adorable Rock Impact
25%
Rock Olivia & Lycanroc (Midnight) Striker Shining Gem Continental Crush
25%
Poison Petrel & Weezing Striker Deceiving Disguise Poison Beam
25%
Ghost Phoebe (Fall 2023) & Cofagrigus Support Glimmering Gold Ghost Impact
25%
Poison Plumeria & Gengar Sprint Ready to Go Acid Downpour
25%
Poison Plumeria & Salazzle Striker Wicked Enforcer Acid Downpour
25%
Rock Professor Kukui & Lycanroc (Midday) Tech Island Splintered Stormshards
25%
Psychic Professor Oak & Mew Tech Pokemon Professor Psychic
25%
Fairy Professor Sycamore & Xerneas Support Gentlemanly Geomancy
25%
Flying Proton & Golbat Support Scariest & Cruelest Flying Beam
25%
Grass Ramos & Victreebel Tech Old Growth Razor Leaf
25%
Water Rosa & Dewott Tech Entirely Exuberant Water Impact
25%
Grass Rosa (Special Costume) & Shaymin Tech Grass Beam of Gratitude
25%
Ground Roxanne (Fall 2023) & Runerigus Tech Menacing Memories Ground Impact
25%
Psychic Sabrina & Alakazam Support ESP Prodigy Psywave
25%
Psychic Sabrina (New Year's 2022) & Chingling Support Peace and Tranquility Psychic Beam
25%
Flying Serena & Fletchling Tech First Flight Flying Impact
25%
Ghost Shauntal & Chandelure Striker Dark Tales of the Shadow Ball
25%
Ice Shauntal (Fall 2024) and Froslass Sprint Lost Soul on a Snowy Mountain Frost Beam
25%
Dark Sidney & Absol Tech Most Excellent Night Slash
25%
Water Siebold & Clawitzer Striker Water Pulse Du Jour
25%
Water Siebold (Holiday 2019) & Octillery Tech Gourmet Octazooka
25%
Flying Silver and Crobat Field Believe in You More Flying Beam
25%
Water Silver & Feraligatr Tech Whirls of Solitude Water Impact
25%
Flying Skyla (Anniversary 2022) & Tornadus Tech Heartsoaring Hurricane
25%
Flying Skyla & Unfezant Striker Sky-High Joy Flying Impact
25%
Electric Sonia & Yamper Support Goodest Boy Wild Charge
25%
Electric Sophocles & Alolan Golem Striker Full-Throttle Electric Impact
25%
Electric Sophocles & Togedemaru Tech Whiz Kid Gigavolt Havoc
25%
Rock Steven & Cradily Tech Agent of the Ancient Rock Beam
25%
Ice Steven (Summer 2020) & Alolan Sandslash Striker Too Cool Icicle Crash
25%
Grass Sygna Suit Acerola & Tapu Bulu Support Gentle Warning Bloom Doom
25%
Fighting Sygna Suit Cynthia (Aura) & Lucario Support Learn by Battle Aura Sphere
25%
Dragon Sygna Suit Cynthia & Kommo-o Striker Historymaker Clanging Scales
25%
Ghost Sygna Suit Cynthia (Renegade) & Giratina Tech Renegade Shadow Force
25%
Rock Sygna Suit Diantha & Diancie Tech Noble Beauty Diamond Storm
25%
Dark Sygna Suit Giovanni (Alt.) and Guzzlord Support Crunch That Satisfies the Insatiable
25%
Ground Sygna Suit Giovanni & Nidoking Striker Unstoppable Ambition Ground Impact
25%
Fairy Sygna Suit Gladion & Magearna Striker Gentle Souls Fleur Cannon
25%
Electric Sygna Suit Hau & Tapu Koko Tech Thundering Deity Gigavolt Havoc
25%
Ghost Sygna Suit Korrina & Marshadow Tech Shadow-Shrouded Spectral Thief
25%
Fairy Sygna Suit Mina & Tapu Fini Support Ocean Colors Twinkle Tackle
25%
Electric Sygna Suit Red (Thunderbolt) & Pikachu Tech Lightning-Fast Volt Tackle
25%
Poison Sygna Suit Roxie & Toxtricity (Amped) Tech Rock Them Away Poison Beam
25%
Steel Thorton & Bronzong Tech Post-Analysis Flash Cannon
25%
Steel Thorton & Magnezone Field One Hundred Percent Steel Beam
25%
Fairy Valerie & Mawile Striker So Enchanting Fairy Impact
25%
Fairy Valerie & Sylveon Striker Fashionista Dazzling Gleam
25%
Bug Viola & Masquerain Tech Silver Wind Victory Shot
25%
Fire Wallace (New Year's 2024) & Blacephalon Field Burning Elegant Fire Beam
25%
Dragon Wally & Altaria Sprint Much, Much Stronger Dragon Impact
25%
Normal Wally & Delcatty Support Becoming Stronger Normal Impact
25%
Steel Wikstrom & Aegislash Tech Shining Knight Iron Head
25%
Flying Winona & Pelipper Tech Flyaway Air Cutter
25%
Ice Wulfric & Avalugg Striker Unstoppable Avalanche
25%
Dark Zinnia (Special Costume) & Thievul Tech Steal the Win Dark Impact
25%
Bug Aaron & Vespiquen Support Perfect Swarm Attack Order
13%
Grass Adaman & Leafeon Tech Accelerating Time Razor Leaf
13%
Water Adaman & Vaporeon Support Come On Already Water Beam
13%
Dark Akari & Hisuian Samurott Field Master Crafter Ceaseless Edge
13%
Ghost Allister (Fall 2022) & Gourgeist Support Matching Masks Ghost Beam
13%
Ghost Allister & Gengar Tech Silent Mystery Ghost Beam
13%
Dark Archer & Houndoom Sprint Regaining Evil Glory Dark Impact
13%
Ground Arc Suit Cynthia and Garchomp Multi Cataclysmic Divine Earthquake
13%
Dragon Arc Suit Lance and Dragonite Multi Heroic Ascension Divine Outrage
13%
Steel Arc Suit Steven and Metagross Multi Polished Steel Divine Meteor Mash
13%
Poison Ball Guy & Amoonguss Support Full of Surprises Poison Beam
13%
Fighting Bea & Sirfetch'd Striker Worthy Foe Meteor Assault
13%
Water Bede and Inteleon Field Sharpshooting Judgment Water Beam
13%
Psychic Bede (Champion) & Galarian Articuno Support Always Winning Freezing Glare
13%
Fairy Bede & Hatterene Tech Most Elite Fairy Beam
13%
Psychic Bellelba & Swoobat Support Rule the Enchanted Land Psychic Impact
13%
Ground Bertha & Hippowdon Tech Team Effort Earthquake
13%
Fighting Bianca (Champion) & Virizion Striker Steps to a New Path Sacred Sword
13%
Psychic Bianca & Musharna Tech Truth-Seeking Future Sight
13%
Dark Brycen-Man & Zoroark Tech Dye This World Dark Beam
13%
Dark Caitlin (Fall 2021) & Sableye Support Eerie Eyes Dark Impact
13%
Fire Calem & Fennekin Striker Friendly Rivalry Fire Beam
13%
Ice Candice (Palentine's 2024) & Galarian Darmanitan Striker Flavor of Memories Ice Impact
13%
Electric Chase & Pikachu Support Running With My Partner Pika Papow
13%
Dark Cheren & Purrloin Tech Toward My Ideals Dark Beam
13%
Ground Courtney & Camerupt Tech Analysis Complete Earthquake
13%
Ground Cynthia & Gastrodon (West Sea) Support Living Relic Ground Impact
13%
Flying Darach & Staraptor Tech Loyal Butler Brave Bird
13%
Bug Dawn & Wormadam (Plant Cloak) Support Plant Power Bug Impact
13%
Dragon Drasna & Dragalge Tech Infinite Smile Dragon Pulse
13%
Normal Elaine & Eevee Support Partner Promenade Veevee Volley
13%
Rock Elio (Alt.) and Stakataka Support Stacked-Up Emotions Continental Crush
13%
Psychic Elio & Espeon Tech Shining High Shattered Psyche
13%
Water Elio & Primarina Support Sunshine Oceanic Operetta
13%
Rock Emmet & Archeops Striker Full Speed Stone Edge
13%
Bug Emmet (Special Costume) & Escavalier Striker Victory Joust Bug Impact
13%
Poison Gladion & Golbat Support Best Moves Poison Impact
13%
Ice Gladion & Weavile Field See More of the World Ice Impact
13%
Steel Gloria & Zacian Striker Glorious Behemoth Blade
13%
Fighting Guzma (Special Costume) & Buzzwole Strike Beatdown Boss Fighting Impact
13%
Ice Hala & Crabominable Striker Abominable Ice Hammer
13%
Grass Hop and Rillaboom Field Valuing Team Harmony Grass Impact
13%
Steel Hop & Zamazenta Support Big Dreams Behemoth Bash
13%
Normal Hugh & Bouffalant Striker Trusted Partners Head Charge
13%
Flying Hugh & Unfezant Sprint Crush 'Em All Flying Beam
13%
Ground Ingo & Excadrill Support No Brakes Drill Run
13%
Bug Ingo (Special Costume) & Accelgor Tech Express Line Bug Impact
13%
Ghost Iono (Fall 2024) and Flutter Mane Striker Buzzworthy Mystery Ghost Beam
13%
Fire Irida & Flareon Tech Can't Stand the Swelter Fire Impact
13%
Ice Irida & Glaceon Tech Great Wide World Ice Beam
13%
Fire Kabu & Centiskorch Support Ever-Burning Man Fire Impact
13%
Fire Kabu & Torkoal Support Burn Upwards, Aim Higher Fire Beam
13%
Fire Kiawe & Alolan Marowak Support Fire Dance Inferno Overdrive
13%
Water Lana & Araquanid Support Seaside Sister Hydro Vortex
13%
Psychic Lear & Hoopa Tech Singularity Hyperspace Hole
13%
Fire Leon & Charizard Striker Champion Time Fire Blast
13%
Steel Lillie (Anniversary 2024) and Solgaleo Sprint Wholesome Heart Searing Sunraze Smash
13%
Fairy Lillie & Clefairy Support Full-Force Challenger Moonblast
13%
Fairy Lillie (Holiday 2024) and Primarina Sprint Beautiful Dancing Songstress Fairy Beam
13%
Bug Lillie (New Year's 2021) & Ribombee Support Bee-autiful Bug Impact
13%
Ghost Lillie (Special Costume) & Polteageist Support Curious Flavor Ghost Beam
13%
Dragon Lisia & Altaria Tech Miracle Idol Draco Meteor
13%
Fairy Lisia (New Year's 2023) & Galarian Rapidash Striker Dream It, Be It Fairy Impact
13%
Psychic Lucian & Girafarig Tech Psychic Epilogue
13%
Flying Lysandre & Yveltal Striker Cleansing Oblivion Wing
13%
Dragon Mallow (Palentine's 2023) & Appletun Support Quality Ingredients Dragon Beam
13%
Fire Malva and Talonflame Sprint Fiery Reporter Fire Impact
13%
Fire Marnie and Cinderace Field Stoked by Cheers Fire Impact
13%
Electric Marnie & Morpeko Tech Hangry Wild Charge
13%
Poison Marnie & Toxicroak Tech Get You Goin' Poison Beam
13%
Ice Melony & Lapras Support Chilling Invitation Frost Beam
13%
Grass Milo and Eldegoss Support Fighting Farmer Grass Impact
13%
Steel Molayne & Alolan Dugtrio Striker Supernova Corkscrew Crash
13%
Water Nessa & Drednaw Tech Flood the Stadium Liquidation
13%
Psychic N & Sigilyph Tech Steadfast Memories Psychic Beam
13%
Dark N (Summer 2022) & Zoroark Striker Defender of Dreams Dark Beam
13%
Psychic Olympia & Sigilyph Tech Starlight Path Psychic
13%
Rock Paulo & Lycanroc (Dusk) Sprint On the Path Together Rock Impact
13%
Dark Piers & Obstagoon Support No Encores Throat Chop
13%
Poison Professor Oak and Nidorino Support Your Tale Unfolds Poison Impact
13%
Grass Professor Sycamore & Bulbasaur Striker Bon Voyage Grass Beam
13%
Grass Professor Sycamore (Holiday 2023) & Gogoat Support Gallop with Glee Grass Impact
13%
Ghost Rachel and Gimmighoul Support Roaming in the Dark Ghost Beam
13%
Dark Rachel & Umbreon Support Hellooo Feint Attack
13%
Dragon Raihan (Anniversary 2022) & Flygon Tech Desert Spirit Dragon Beam
13%
Steel Raihan & Duraludon Striker Storm Clout Steel Beam
13%
Rock Raihan & Gigalith Tech Smashing Rock Impact
13%
Fighting Rei & Hisuian Decidueye Sprint Space-Time Traveler Triple Arrows
13%
Dragon Ryuki & Turtonator Tech Fiery Spirit Dragon Beam
13%
Ghost Sawyer and Gimmighoul Support Treasured Family Heirloom Ghost Beam
13%
Dark Sawyer & Honchkrow Support Staunch Ally Night Slash
13%
Rock Selene (Alt.) and Nihilego Striker Crushing Red Justice Steel Impact
13%
Grass Selene & Decidueye Striker Moonlight Leaf Blade
13%
Dark Selene & Umbreon Tech Floating High Black Hole Eclipse
13%
Fairy Serena (Palentine's 2021) & Whimsicott Tech Semisweet Fairy Beam
13%
Steel Shauna (Special Costume) & Klefki Support Piece It Together Steel Beam
13%
Grass Sonia (Special Costume) & Tsareena Striker Haughty Laugh Grass Impact
13%
Normal Steven (Special Costume) & Stoutland (Shiny) Tech Illuminating Normal Impact
13%
Water Sygna Suit Grimsley & Sharpedo Striker High-Stakes Liquidation
13%
Steel Sygna Suit Lear and Gholdengo Sprint King’s Golden Authority Make It Rain
13%
Psychic Sygna Suit Lusamine & Necrozma Striker Loving Light That Burns the Sky
13%
Water Sygna Suit Lysandre & Volcanion Striker Nation Creation Hydro Pump
13%
Ice Sygna Suit N & Black Kyurem Tech World-Changing Freeze Shock
13%
Dark The Masked Royal & Incineroar Tech Heel Turn Malicious Moonsault
13%
Dark Tierno & Crawdaunt Support Best Dance Team Dark Impact
13%
Fire Tina & Flareon Support Warm Feelings Fire Impact
13%
Fairy Trevor and Florges Support Perfect Test Scores Fairy Beam
13%
Normal Victor (Palentine's 2024) & Greedent Support The Joys of Cooking Normal Impact
13%
Grass Victor & Rillaboom Striker Strategically Sound Grass Impact
13%
Ghost Victor & Spectrier Field Night Dash Ghost Beam
13%
Electric Volkner (New Year's 2022) & Electivire Striker Hope and Happiness Electric Beam
13%
Ground Volo & Gible Striker Led by Curiosity Ground Impact
13%
Fairy Volo & Togepi Field Ruin Enthusiast Merchant Dazzling Beam
13%
Ground Adaman (Special Costume) & Ursaluna Striker Moonlit Moves Ground Impact
0%
Normal Anabel & Snorlax Support Case Completer Normal Impact
0%
Fire Arc Suit Leon and Charizard Multi Fiery Determination Divine Fire Blast
0%
Steel Argenta & Skarmory Support Shining Favorite Steel Impact
0%
Dark Arven and Mabosstiff Support Chef’s Spicy Comeuppance
0%
Rock Arven and Nacli Support Serving a Salty Defeat Rock Impact
0%
Poison Atticus and Revavroom Support Designer’s Way of the Ninja Gunk Shot
0%
Psychic Avery & Galarian Slowking Field Elegant Psychic Beam
0%
Ice Bea (Palentine's 2022) & Vanilluxe Support Sweet Tooth Ice Impact
0%
Fairy Blossom (Furisode Girl) and Kirlia Tech Beautiful Blossoms Fairy Beam
0%
Steel Chairman Rose & Copperajah Striker Millennium from Now Steel Impact
0%
Water Clavell and Quaquaval Sprint Occasionally Strict Director’s Aqua Step
0%
Water Dahlia & Ludicolo Tech Smiling Arcade Star Water Beam
0%
Ice Dana & Regice Support Competitve Sister Frost Beam
0%
Ghost Dawn (New Year's 2023) & Oricorio (Sensu Style) Tech Elegant Celebration Ghost Beam
0%
Psychic Dexio and Espeon Tech Pokémon-Voyage Veteran Shattered Psyche
0%
Poison Emma & Crobat Striker Case Closed Cross Poison
0%
Fighting Eri and Annihilape Support Great Infernal Cross Chop
0%
Normal Eve & Eevee Tech Double Eevee Normal Beam
0%
Fire Evelyn & Entei Support Shy Sister Fire Impact
0%
Poison Geeta & Glimmora Field Top Champion's Guidance Mortal Spin
0%
Dark Giacomo and Kingambit Striker Earnest DJ Vice’s Kowtow Cleave
0%
Water Gloria (Dojo Uniform) & Urshifu Tech Rapid Mastery Water Impact
0%
Fire Gloria (Gym Uniform) & Cinderace Striker Ace of the Team Fire Impact
0%
Water Gloria (Summer 2021) & Inteleon Striker Summer Soaking Water Beam
0%
Grass Gloria & Thwackey Striker Spice It Up Grass Impact
0%
Rock Gordie & Coalossal Tech Stylish Hard Rock Impact
0%
Grass Greta & Breloom Sprint Mind-Skill-Body Mastery Grass Impact
0%
Steel Grimsley (Kimono) & Bisharp Tech Coin Flip of Destiny Iron Head
0%
Ice Grusha & Cetitan Support Sub-zero Shredder Avalanche
0%
Ghost Helena & Haunter Tech Scary-but-True Ghost Beam
0%
Electric Hop and Pincurchin Field Pin It Down Electric Impact
0%
Fighting Hop (Champion) & Galarian Zapdos Tech Strongest Professor Thunderous Kick
0%
Electric Iono and Wattrel Support Electrify ’Em Electric Beam
0%
Electric Iono & Bellibolt Support Supercharged Streamer Zap Cannon
0%
Ghost Irida (Special Costume) & Hisuian Zoroark Striker Dancing to the Flute Ghost Beam
0%
Psychic Jacq & Farigiraf Tech Laid-Back Biology Teacher Twin Beam
0%
Fairy Kali & Azumarill Support Beautiful Design Fairy Beam
0%
Fairy Katherine & Slurpuff Tech Beautiful Determination Fairy Beam
0%
Fire Kiawe & Arcanine Tech Dancing Together Inferno Overdrive
0%
Poison Klara & Galarian Slowbro Tech Colorful, Caring, & Charismatic Poison Beam
0%
Water Lana and Lanturn Support Emotions in the Vast Sea Water Beam
0%
Normal Larry & Dudunsparce Sprint Exceptional Everyman Hyper Drill
0%
Dark Lear and Krookodile Tech Poetic Justice Dark Impact
0%
Dragon Leon (Battle Tower) & Dragapult Tech Rise to the Peak Dragon Impact
0%
Ice Leon (Holiday 2021) & Ice Rider Calyrex Striker Crowned Champion Ice Impact
0%
Poison Looker & Croagunk Striker Hard-Boiled Poison Jab
0%
Grass Mallow & Shiinotic Support Strong Kick to It Bloom Doom
0%
Dark Marnie (Champion) & Galarian Moltres Striker Distaste for Defeat Fiery Wrath
0%
Steel Marnie (Palentine's 2022) & Mawile Tech Sweetheart Steel Impact
0%
Dark Marnie & Scrafty Field We Aren't Givin' Up Dark Impact
0%
Fairy Marnie (Summer 2021) & Grimmsnarl Tech Kickback Summer Fairy Impact
0%
Fire Mela and Armarouge Sprint Explosive All-Rounder Armor Cannon
0%
Water Misty (Swimsuit) & Psyduck Support All-Out Offense Water Beam
0%
Ground Naomi & Sandslash Striker Must-See Ground Beam
0%
Rock Nemona & Lycanroc (Midday) Field Happy to Go All Out Rock Impact
0%
Electric Nemona & Pawmot Sprint Coming to Fruition Double Shock
0%
Ice Nessa (Holiday 2021) & Eiscue Tech Naughty or Noice Ice Impact
0%
Ground Nita & Landorus (Incarnate Form) Support Spunky Sis Ground Impact
0%
Poison Oleana & Garbodor Tech Still Good with It Poison Impact
0%
Normal Palmer & Regigigas Striker Towering Tower Tycoon Normal Impact
0%
Fairy Penny & Sylveon Support Bright Hacker's Disarming Voice
0%
Electric Petey & Pikachu Tech Double Pikachu Electric Beam
0%
Steel Poppy (New Year's 2025) and Steelix Field Steel-Hard Strength Gigaton Hammer
0%
Steel Poppy & Tinkaton Striker Solid Shiny Gold Steel Impact
0%
Ground Raihan (New Year's 2025) and Sandaconda Support Snapping Up Likes Ground Impact
0%
Ground Rika & Clodsire Support Paldea League Interviewer Earth Power
0%
Ground Rika & Whiscash Tech Testing Mind & Aptitude Ground Beam
0%
Fighting Riley & Lucario Sprint Aura Driven Fighting Impact
0%
Steel Rose and Perrserker Tech For a Prosperous Galar Steel Impact
0%
Steel Selene (Special Costume) & Scizor Field Cute Quirks Continental Crush
0%
Normal Shauna and Delcatty Tech Traveling Together Normal Impact
0%
Grass Shauna & Chesnaught Support Thorny Needle Arm
0%
Ice Sina and Glaceon Sprint Beautifully Beautiful Subzero Slammer
0%
Electric Sygna Suit Emmet and Eelektross Field The Best, Perfect Electric Impact
0%
Ghost Sygna Suit Ingo and Chandelure Sprint Arrival at the Greatest Battle Ghost Ray
0%
Psychic Sygna Suit Lana & Tapu Lele Striker Guileless Jest Shattered Psyche
0%
Dragon Sygna Suit Leon & Eternatus Striker Eternal Champion Dragon Beam
0%
Fairy Sygna Suit Nemona and Scream Tail Striker Nicely Rampagey Play Rough
0%
Electric Sygna Suit Piers & Toxtricity (Low-Key) Striker Lightning & Blues Overdrive
0%
Fire Tierno and Talonflame Field Can’t Help Dancing Fire Beam
0%
Bug Viola (Holiday 2023) & Vivillon (Icy Snow Pattern) Field Mystical Icy Snow Dance Bug Beam
0%
No matching quizzes found
Score Distribution
Percent of People with Each Score
Percentile by Number Answered
Your Score History
You have not taken this quiz